普通话所有音节 All syllables in Mandarin - Statistics

General Stats
  • This quiz has been taken 97 times
  • The average score is 185 of 415
Answer Stats
% Correct
a
98%
ai
94%
an
92%
e
92%
ê
92%
o
92%
bi
88%
ang
86%
ba
86%
n
84%
bei
83%
bai
81%
bo
81%
ao
80%
ben
80%
bu
77%
ban
75%
bao
75%
bin
75%
bang
73%
beng
73%
bing
73%
m
72%
bian
70%
ca
70%
bie
69%
en
69%
cha
67%
chi
67%
ji
67%
cai
66%
can
66%
chan
66%
che
66%
chu
66%
ci
66%
cu
66%
de
66%
ei
66%
yi
66%
cang
64%
cao
64%
chang
64%
chen
64%
da
64%
ce
63%
gu
63%
ni
63%
po
63%
chai
61%
cheng
61%
eng
61%
fa
61%
fu
61%
ga
61%
ge
61%
den
59%
di
59%
du
59%
he
59%
ka
59%
li
59%
ma
59%
biao
58%
cen
58%
chao
58%
deng
58%
gan
58%
jia
58%
ke
58%
lu
58%
58%
ng
58%
pa
58%
dan
56%
dang
56%
dei
56%
fan
56%
fo
56%
ha
56%
hu
56%
pi
56%
ceng
55%
chuan
55%
dai
55%
fen
55%
feng
55%
gang
55%
me
55%
na
55%
ne
55%
yu
55%
dia
53%
fang
53%
gai
53%
hai
53%
ju
53%
ku
53%
le
53%
lia
53%
mi
53%
nu
53%
53%
si
53%
ya
53%
chuang
52%
dian
52%
ding
52%
dui
52%
fei
52%
gei
52%
gen
52%
jian
52%
jiang
52%
la
52%
pu
52%
ri
52%
sa
52%
sha
52%
shi
52%
wu
52%
cun
50%
die
50%
geng
50%
han
50%
hang
50%
hei
50%
jie
50%
lan
50%
lian
50%
nen
50%
pai
50%
chou
48%
chun
48%
dao
48%
dun
48%
gao
48%
gou
48%
gua
48%
guan
48%
gui
48%
gun
48%
hen
48%
hua
48%
kai
48%
kan
48%
lei
48%
mei
48%
mo
48%
mu
48%
nan
48%
neng
48%
ou
48%
pan
48%
qi
48%
shu
48%
te
48%
ti
48%
zi
48%
chui
47%
cong
47%
guang
47%
huan
47%
kang
47%
kou
47%
lai
47%
lin
47%
nang
47%
pang
47%
pian
47%
ta
47%
tu
47%
diao
45%
guo
45%
heng
45%
huang
45%
liang
45%
man
45%
mang
45%
men
45%
nai
45%
nei
45%
nian
45%
san
45%
xi
45%
ye
45%
cui
44%
cuo
44%
jin
44%
lang
44%
ling
44%
mao
44%
meng
44%
niu
44%
pen
44%
pin
44%
qia
44%
ru
44%
sang
44%
se
44%
su
44%
tan
44%
wa
44%
yan
44%
chuo
42%
cou
42%
cuan
42%
dong
42%
dou
42%
hui
42%
hun
42%
jiao
42%
jing
42%
kao
42%
kei
42%
kua
42%
leng
42%
liu
42%
lo
42%
mai
42%
nao
42%
niang
42%
pao
42%
ping
42%
sai
42%
tian
42%
wei
42%
chuai
41%
duan
41%
duo
41%
fou
41%
guai
41%
hao
41%
jiu
41%
ken
41%
keng
41%
lao
41%
mian
41%
min
41%
ming
41%
nie
41%
pei
41%
peng
41%
pou
41%
qian
41%
qiang
41%
qie
41%
qu
41%
shan
41%
shua
41%
xia
41%
yang
41%
zha
41%
zhu
41%
diu
39%
hou
39%
huai
39%
kuan
39%
lie
39%
lun
39%
nin
39%
shang
39%
she
39%
shuan
39%
shuang
39%
tai
39%
tang
39%
wan
39%
wang
39%
wen
39%
wo
39%
yin
39%
za
39%
chong
38%
kuang
38%
kun
38%
miao
38%
ning
38%
piao
38%
qiu
38%
re
38%
sen
38%
shou
38%
ze
38%
zhi
38%
liao
36%
mou
36%
pie
36%
ran
36%
seng
36%
shai
36%
shen
36%
tao
36%
weng
36%
xian
36%
ying
36%
zu
36%
jue
34%
jun
34%
lou
34%
lüe
34%
nong
34%
sao
34%
shao
34%
sheng
34%
shuai
34%
teng
34%
tong
34%
yo
34%
zai
34%
zan
34%
zhe
34%
kui
33%
luo
33%
mie
33%
nou
33%
qin
33%
qing
33%
ren
33%
shui
33%
tui
33%
xiang
33%
xu
33%
zang
33%
zao
33%
zhan
33%
er
31%
gong
31%
hong
31%
huo
31%
jiong
31%
kuai
31%
kuo
31%
long
31%
niao
31%
nuo
31%
rang
31%
rao
31%
reng
31%
rui
31%
shei
31%
sou
31%
sun
31%
tou
31%
wai
31%
xie
31%
yao
31%
juan
30%
qiao
30%
quan
30%
sui
30%
suo
30%
tie
30%
ting
30%
zei
30%
zhang
30%
zhen
30%
shuo
28%
xiao
28%
yuan
28%
yue
28%
zen
28%
zhai
28%
zhou
28%
zhua
28%
zhuan
28%
zhuang
28%
kong
27%
luan
27%
qiong
27%
rou
27%
rua
27%
ruan
27%
tuan
27%
tuo
27%
xin
27%
xing
27%
zeng
27%
zheng
27%
miu
25%
nuan
25%
nüe
25%
que
25%
shun
25%
tiao
25%
you
25%
yun
25%
zhao
25%
zou
25%
qun
23%
run
23%
tun
23%
xiu
23%
yong
23%
ruo
22%
song
22%
suan
22%
xuan
22%
xue
22%
xun
22%
zhei
22%
zhong
22%
rong
20%
zhui
20%
zuo
20%
xiong
19%
zhuai
19%
zhuo
19%
zhun
17%
zuan
17%
zui
17%
zong
16%
zun
16%
hng
11%
hm
9%
No matching quizzes found
Score Distribution
Percent of People with Each Score
Percentile by Number Answered
Your Score History
You have not taken this quiz